| 000 | 00494nam a2200169 a 4500 | ||
|---|---|---|---|
| 001 | 000005846 | ||
| 005 | 20200929151816.0 | ||
| 008 | 090824s1998 dr a 000 0 spa d | ||
| 020 | _a8493052906 | ||
| 040 |
_aDO-SdBNP _bspa _cBNPHU |
||
| 082 |
_axxxx _bA325s |
||
| 100 | 1 |
_aAlba, Orlando _916502 |
|
| 245 | 1 | 4 |
_aLos sonidos del español / _cOrlando Alba. |
| 260 |
_aSanto Domingo : _bLibrería La Trinitaria, _c1998. |
||
| 300 |
_a198 p. : _bil. ; _c23 cm. |
||
| 500 | _aIncluye glosario: p. 185-193 | ||
| 999 |
_c5642 _d5642 |
||